Statistics for Prime Ministers of Malaysia

Click here to take the quiz!

General Stats

  • This quiz has been taken 6 times
  • The average score is 8 of 9

Answer Stats

Year(s)Prime Ministers% Correct
2018-2020Mahathir Mohamad
100%
1981-2003Mahathir Mohamad
100%
2009-2018Mohd Najib Abdul Razak
100%
1957-1970Tunku Abdul Rahman
100%
2003-2009Abdullah Ahmad Badawi
83%
1970-1976Abdul Razak Hussein
83%
1976-1981Hussein Onn
83%
2020-2021Muhyiddin Yassin
83%
2021-NowIsmail Sabri Yaakob
67%

Score Distribution

Percentile by Number Answered

Percent of People with Each Score

Your Score History

You have not taken this quiz